[Event "GER CupT 1718 prel6"]
[Site "Bann"]
[Date "2018.01.13"]
[Round "1.4"]
[White "Tschlatscher, Thomas"]
[Black "Poetsch, Gero"]
[Result "1/2-1/2"]
[WhiteElo "2131"]
[BlackElo "1939"]
[PlyCount "74"]
[EventDate "2018.01.13"]
[EventType "team-k.o."]
[EventRounds "2"]
[EventCountry "GER"]
[SourceTitle "EXT 2019"]
[Source "ChessBase"]
[SourceDate "2018.10.10"]
[SourceVersion "1"]
[SourceVersionDate "2018.10.10"]
[SourceQuality "1"]
[WhiteTeam "Heilbronn"]
[BlackTeam "Schoeneck"]
[WhiteTeamCountry "GER"]
[BlackTeamCountry "GER"]

1. b3 e5 2. Bb2 Nc6 3. e3 d5 4. Nf3 Bd6 5. d4 Bg4 6. Be2 Bxf3 7. Bxf3 e4 8. Be2 Qg5 9. g3 h5 10. h4 Qf5 11. a3 Rh6 12. c4 Rf6 13. Rf1 dxc4 14. bxc4 Qh3 15. d5 Rxf2 16. Rxf2 Bxg3 17. dxc6 bxc6 18. Bf1 Qxh4 19. Qe2 Rd8 20. Bd4 c5 21. Nc3 cxd4 22. exd4 Nf6 23. d5 Kf8 24. Qe3 Ng4 25. Qc5+ Kg8 26. Nxe4 Bxf2+ 27. Nxf2 Re8+ 28. Be2 Qg3 29. Rc1 Qg1+ 30. Kd2 Rxe2+ 31. Kxe2 Qxc1 32. Nxg4 Qc2+ 33. Kf3 Qd1+ 34. Kf2 hxg4 35. Qxc7 Qf3+ 36. Kg1 Qe3+ 37. Kg2 Qf3+ 1/2-1/2

[Event "Schoeneck Schoebel Memorial 1st"]
[Site "Schoeneck"]
[Date "2017.12.30"]
[Round "6"]
[White "Becker, Peter"]
[Black "Poetsch, Gero"]
[Result "0-1"]
[WhiteElo "1851"]
[BlackElo "1928"]
[PlyCount "94"]
[EventDate "2017.12.27"]
[EventType "swiss"]
[EventRounds "7"]
[EventCountry "GER"]
[SourceTitle "CBM 182 Extra"]
[Source "ChessBase"]
[SourceDate "2018.02.23"]
[SourceVersion "1"]
[SourceVersionDate "2018.02.23"]
[SourceQuality "1"]

1. f4 e6 2. e3 b6 3. Nf3 c5 4. b3 Nf6 5. Bb2 Bb7 6. c4 d5 7. cxd5 exd5 8. Bb5+ Bc6 9. Bxc6+ Nxc6 10. 0-0 Be7 11. Ne5 Rc8 12. d3 d4 13. Nxc6 Rxc6 14. e4 Qd7 15. h3 h5 16. Na3 Bd8 17. Nc4 Bc7 18. Ne5 Bxe5 19. fxe5 Ng8 20. Bc1 Rg6 21. Qf3 Qe6 22. Bf4 Ne7 23. Bh2 Nc6 24. Qf5 Nb4 25. Qxe6+ Rxe6 26. Rf3 0-0 27. Bf4 Nc6 28. Raf1 Nxe5 29. Bxe5 Rxe5 30. Rf5 f6 31. R5f4 Kf7 32. h4 Rh8 33. Rf5 Rxf5 34. Rxf5 g6 35. Rf4 Ke6 36. Rf2 Rf8 37. Kh2 Rf7 38. Kh3 f5 39. exf5+ Rxf5 40. Re2+ Re5 41. Rxe5+ Kxe5 42. Kg3 b5 43. a3 c4 44. bxc4 bxc4 45. dxc4 d3 46. Kf2 Kd4 47. Ke1 Kxc4 0-1

[Event "Schoeneck Schoebel Memorial 1st"]
[Site "Schoeneck"]
[Date "2017.12.28"]
[Round "2"]
[White "Dunsbach, Ralf"]
[Black "Poetsch, Gero"]
[Result "0-1"]
[WhiteElo "2206"]
[BlackElo "1928"]
[PlyCount "62"]
[EventDate "2017.12.27"]
[EventType "swiss"]
[EventRounds "7"]
[EventCountry "GER"]
[SourceTitle "CBM 182 Extra"]
[Source "ChessBase"]
[SourceDate "2018.02.23"]
[SourceVersion "1"]
[SourceVersionDate "2018.02.23"]
[SourceQuality "1"]

1. c4 e5 2. g3 Nc6 3. Bg2 Bc5 4. Nc3 a6 5. e3 d6 6. Nge2 Nge7 7. 0-0 0-0 8. b3 Bg4 9. h3 Bh5 10. g4 Bg6 11. d4 Ba7 12. dxe5 dxe5 13. Ba3 Qe8 14. Nd5 Rd8 15. Qc1 Bd3 16. Re1 f5 17. Qc3 Bxe2 18. Rxe2 f4 19. Nxe7+ Nxe7 20. Qxe5 Ng6 21. Qxe8 Rfxe8 22. Bd5+ Kh8 23. Bxb7 fxe3 24. c5 exf2+ 25. Rxf2 a5 26. Raf1 Re5 27. Rf5 Re2 28. R1f2 Re1+ 29. Kh2 c6 30. Bxc6 Bb8+ 31. Kg2 Nh4# 0-1

[Event "Karl Mala Memorial op 14th"]
[Site "Frankfurt"]
[Date "2011.07.08"]
[Round "3"]
[White "Busch, Florian"]
[Black "Poetsch, Gero"]
[Result "1-0"]
[WhiteElo "1747"]
[BlackElo "2003"]
[PlyCount "133"]
[EventDate "2011.07.07"]
[EventType "swiss"]
[EventRounds "7"]
[EventCountry "GER"]
[SourceTitle "EXT 2012"]
[Source "ChessBase"]
[SourceDate "2011.11.24"]
[SourceVersion "1"]
[SourceVersionDate "2011.11.24"]
[SourceQuality "1"]

1. e4 e6 2. d4 d5 3. Nc3 Nf6 4. Bg5 Bb4 5. e5 h6 6. Bd2 Bxc3 7. bxc3 Ne4 8. Qg4 g6 9. Bd3 Nxd2 10. Kxd2 c5 11. h4 c4 12. Be2 Nc6 13. Qf4 Qe7 14. Nh3 Bd7 15. Rab1 0-0-0 16. Rb2 Nb8 17. Rhb1 Bc6 18. Qg3 Nd7 19. f4 Nb6 20. Ra1 Rhg8 21. Qf2 f5 22. g3 Nd7 23. Rbb1 Nf8 24. Rh1 Ba4 25. Qh2 Qa3 26. Rhc1 Rd7 27. Qh1 b5 28. Rcb1 Rb7 29. Qc1 Qe7 30. a3 Nh7 31. Qh1 g5 32. hxg5 hxg5 33. Rg1 g4 34. Nf2 Rg7 35. Rg2 Nf8 36. Rh2 Rh7 37. Rxh7 Qxh7 38. Qxh7 Rxh7 39. Rh1 Rxh1 40. Nxh1 Nd7 41. Kc1 a5 42. Kb2 Nb8 43. Nf2 Kd7 44. Nd1 Nc6 45. Ne3 b4 46. axb4 axb4 47. Bd1 Bb5 48. Ng2 Ba6 49. Ne3 Bc8 50. Nf1 Kc7 51. Nd2 Kb6 52. Nb1 Kb5 53. Be2 Ka4 54. Bd1 Ba6 55. Be2 Nxd4 56. Bxc4 dxc4 57. cxd4 c3+ 58. Nxc3+ bxc3+ 59. Kxc3 Bb7 60. Kc4 Be4 61. Kc5 Ka5 62. c4 Bb7 63. d5 Bc8 64. Kd6 exd5 65. cxd5 Kb6 66. e6 Ba6 67. Ke7 1-0

[Event "Frankfurt-ch"]
[Site "Frankfurt"]
[Date "2010.05.10"]
[Round "3"]
[White "Mager, Denis"]
[Black "Poetsch, Gero"]
[Result "0-1"]
[WhiteElo "1538"]
[BlackElo "2015"]
[PlyCount "149"]
[EventDate "2010.04.26"]
[EventType "swiss"]
[EventRounds "7"]
[EventCountry "GER"]
[SourceTitle "EXT 2011"]
[Source "ChessBase"]
[SourceDate "2010.11.26"]
[SourceVersion "1"]
[SourceVersionDate "2010.11.26"]
[SourceQuality "1"]

1. Nf3 e6 2. d4 c5 3. c3 d5 4. Bf4 Nc6 5. Nbd2 Nf6 6. e3 cxd4 7. exd4 Be7 8. Bd3 Nh5 9. Be3 Nf6 10. 0-0 0-0 11. Re1 Bd6 12. Nf1 b6 13. Ng3 Bb7 14. Qd2 Ne7 15. Bf4 Bxf4 16. Qxf4 Ng6 17. Qd2 Qd6 18. Ne5 Rac8 19. f4 Nd7 20. Qe3 Ndxe5 21. fxe5 Qe7 22. Ne2 Bc6 23. Rf1 Qd7 24. Rf2 Bb5 25. Bc2 Bxe2 26. Qxe2 Rc7 27. Raf1 Rb7 28. g3 b5 29. h4 b4 30. h5 Nh8 31. Qd3 g6 32. g4 Qe7 33. Rf6 bxc3 34. bxc3 Rc7 35. Qd2 Qa3 36. R1f3 Qxa2 37. g5 Rb7 38. Rf2 Rc7 39. Qe1 Qc4 40. R2f3 Qa2 41. Rf2 Qc4 42. h6 Qxc3 43. Qxc3 Rxc3 44. Kg2 Rfc8 45. Bb1 Rb3 46. Ba2 Rb4 47. Rd2 a5 48. Kf2 a4 49. Ke2 a3 50. Rf3 Ra8 51. Kd3 Kf8 52. Rc2 Ke8 53. Rf1 Rb2 54. Rff2 Rxc2 55. Rxc2 Kd7 56. Rc3 Ra6 57. Kd2 f5 58. gxf6 Nf7 59. Rg3 Ra7 60. Kc2 Ra4 61. Kc3 Kc6 62. Rg1 Nxh6 63. Rh1 Nf7 64. Rxh7 Ra7 65. Rg7 g5 66. Rg8 Kd7 67. Rg7 Kc6 68. Rh7 Kb5 69. Rh1 Ka4 70. Rb1 Rc7+ 71. Kd3 Nh6 72. Rb6 g4 73. Rb1 g3 74. Rg1 Nf5 75. Bxd5 0-1

[Event "Main Vogelsberg op 5th"]
[Site "Hanau"]
[Date "2010.04.30"]
[Round "3"]
[White "Poetsch, Gero"]
[Black "Wissel, Daniel"]
[Result "1-0"]
[WhiteElo "2015"]
[BlackElo "1660"]
[PlyCount "87"]
[EventDate "2010.04.28"]
[EventType "swiss"]
[EventRounds "7"]
[EventCountry "GER"]
[SourceTitle "CBM 136 Extra"]
[Source "ChessBase"]
[SourceDate "2010.07.02"]
[SourceVersion "2"]
[SourceVersionDate "2010.07.15"]
[SourceQuality "1"]

1. e4 b6 2. d4 Bb7 3. Nc3 e6 4. Bd3 Bb4 5. Nge2 d5 6. 0-0 dxe4 7. Bxe4 Bxe4 8. Nxe4 Nf6 9. Qd3 0-0 10. Bg5 Nbd7 11. Rfd1 Be7 12. c4 Nxe4 13. Bxe7 Qxe7 14. Qxe4 Nf6 15. Qf3 c5 16. dxc5 Qxc5 17. b3 Rfd8 18. Ng3 Qe5 19. Kf1 h5 20. Re1 Qg5 21. Ne4 Nxe4 22. Qxe4 Qd2 23. Qe2 Qxe2+ 24. Kxe2 Rd7 25. Red1 Rad8 26. Rxd7 Rxd7 27. Rc1 Rc7 28. Kd3 Kf8 29. Kc3 Ke7 30. b4 b5 31. c5 a5 32. a3 a4 33. Rd1 Rc6 34. Rd3 g6 35. Kd2 f6 36. h4 Ke8 37. Ke3 Ke7 38. f3 e5 39. g4 f5 40. gxf5 gxf5 41. Rd2 Rg6 42. Rd5 Re6 43. Kd3 Kf6 44. Rd8 1-0

[Event "Main Vogelsberg op 4th"]
[Site "Heusenstamm"]
[Date "2009.05.03"]
[Round "6"]
[White "Will, Dominik"]
[Black "Poetsch, Gero"]
[Result "1-0"]
[WhiteElo "1931"]
[BlackElo "2009"]
[PlyCount "63"]
[EventDate "2009.04.30"]
[EventType "swiss"]
[EventRounds "7"]
[EventCountry "GER"]
[SourceTitle "CBM 130 Extra"]
[Source "ChessBase"]
[SourceDate "2009.07.02"]
[SourceVersion "2"]
[SourceVersionDate "2009.07.15"]
[SourceQuality "1"]

1. Nf3 e6 2. c4 b6 3. g3 Bb7 4. Bg2 c5 5. Nc3 Nf6 6. 0-0 Be7 7. Re1 0-0 8. e4 d6 9. d4 cxd4 10. Nxd4 Qc8 11. b3 a6 12. Bb2 Nc6 13. Nce2 Qc7 14. Nxc6 Bxc6 15. Nd4 Bb7 16. Rc1 Rad8 17. Qc2 Rc8 18. Qb1 Nd7 19. Qa1 Ne5 20. Rcd1 Rfd8 21. Bh3 Re8 22. f4 Nd7 23. Nxe6 Qc6 24. Nd4 Qc7 25. Nf5 Nf6 26. Nxe7+ Rxe7 27. Bxf6 gxf6 28. Bxc8 Qxc8 29. Qd4 Qh3 30. Rd2 f5 31. Qxd6 Kf8 32. Qf6 1-0

[Event "Main Vogelsberg op 4th"]
[Site "Heusenstamm"]
[Date "2009.05.02"]
[Round "5"]
[White "Poetsch, Gero"]
[Black "Kunz, Konstantin"]
[Result "0-1"]
[WhiteElo "2009"]
[BlackElo "2263"]
[PlyCount "56"]
[EventDate "2009.04.30"]
[EventType "swiss"]
[EventRounds "7"]
[EventCountry "GER"]
[SourceTitle "CBM 130 Extra"]
[Source "ChessBase"]
[SourceDate "2009.07.02"]
[SourceVersion "2"]
[SourceVersionDate "2009.07.15"]
[SourceQuality "1"]

1. e4 c5 2. Nf3 e6 3. c3 Nf6 4. e5 Nd5 5. d4 cxd4 6. cxd4 b6 7. Be3 Ba6 8. Bxa6 Nxa6 9. 0-0 Nac7 10. Nbd2 f5 11. Bg5 Qc8 12. Nc4 g6 13. Rc1 Qb7 14. Bh6 b5 15. Nd6+ Bxd6 16. exd6 Na6 17. Qe2 Nab4 18. Ng5 Nf4 19. Qf3 Qxf3 20. gxf3 Ne2+ 21. Kg2 Nxc1 22. Rxc1 Nxa2 23. Rc7 Nb4 24. Bg7 Rg8 25. Be5 Nd5 26. Nxh7 Nxc7 27. Nf6+ Kf7 28. dxc7 d6 0-1

[Event "Main Vogelsberg op 4th"]
[Site "Heusenstamm"]
[Date "2009.05.01"]
[Round "2"]
[White "Poetsch, Gero"]
[Black "Zaitsev, Mikhail"]
[Result "1-0"]
[WhiteElo "2009"]
[BlackElo "2489"]
[PlyCount "67"]
[EventDate "2009.04.30"]
[EventType "swiss"]
[EventRounds "7"]
[EventCountry "GER"]
[SourceTitle "CBM 130 Extra"]
[Source "ChessBase"]
[SourceDate "2009.07.02"]
[SourceVersion "2"]
[SourceVersionDate "2009.07.15"]
[SourceQuality "1"]

1. e4 Nc6 2. Nf3 e5 3. Bc4 Nf6 4. Ng5 d5 5. exd5 b5 6. Bf1 Nd4 7. c3 Nxd5 8. cxd4 Qxg5 9. Bxb5+ Kd8 10. Qf3 Bb7 11. 0-0 e4 12. Qxf7 Nf6 13. Nc3 a6 14. Ba4 Bd6 15. g3 Rf8 16. Qb3 Kc8 17. Qe6+ Kb8 18. d3 e3 19. Bxe3 Qh5 20. Bd1 Qg6 21. Ne4 Re8 22. Qb3 Qf5 23. Nxd6 cxd6 24. Bf4 Ka7 25. Bxd6 Rac8 26. Bc5+ Rxc5 27. dxc5 Re6 28. c6 Rxc6 29. d4 Rb6 30. Qe3 h5 31. f4 Re6 32. Qf2 Ne4 33. Bc2 Nxf2 34. Bxf5 1-0

[Event "Bad Zwesten op 10th"]
[Site "Bad Zwesten"]
[Date "2006.01.02"]
[Round "1"]
[White "Poetsch, Gero"]
[Black "Bauer, Christian"]
[Result "0-1"]
[WhiteElo "1996"]
[BlackElo "2625"]
[PlyCount "40"]
[EventDate "2006.01.02"]
[EventType "swiss"]
[EventRounds "9"]
[EventCountry "GER"]
[SourceTitle "CBM 110 Extra"]
[Source "ChessBase"]
[SourceDate "2006.03.10"]
[SourceVersion "2"]
[SourceVersionDate "2006.03.10"]
[SourceQuality "1"]

1. e3 Nf6 2. c4 e5 3. d4 exd4 4. exd4 d5 5. Nc3 Bb4 6. Qb3 Nc6 7. Nf3 0-0 8. Be3 Be6 9. h3 Ne4 10. c5 Nxc5 11. dxc5 d4 12. Bc4 Bxc3+ 13. bxc3 Bxc4 14. Qxc4 dxe3 15. fxe3 Qe7 16. Kf2 Rad8 17. Rhf1 Ne5 18. Nxe5 Qxe5 19. e4 Rd2+ 20. Kg1 Qg3 0-1

[Event "Karl Mala Memorial op 09th"]
[Site "Frankfurt"]
[Date "2005.07.29"]
[Round "2"]
[White "Malek, Daniel"]
[Black "Poetsch, Gero"]
[Result "1-0"]
[WhiteElo "2287"]
[BlackElo "2007"]
[PlyCount "65"]
[EventDate "2005.07.28"]
[EventType "swiss"]
[EventRounds "7"]
[EventCountry "GER"]
[SourceTitle "EXT 2006"]
[Source "ChessBase"]
[SourceDate "2005.11.24"]
[SourceVersion "1"]
[SourceVersionDate "2005.11.24"]
[SourceQuality "1"]

1. d4 e6 2. c4 Nf6 3. Nc3 Bb4 4. Qc2 d5 5. cxd5 exd5 6. Bg5 h6 7. Bxf6 Qxf6 8. a3 Bxc3+ 9. Qxc3 0-0 10. e3 c6 11. b4 b6 12. Nf3 Nd7 13. Be2 Bb7 14. 0-0 Rae8 15. a4 Qd6 16. Rfc1 f5 17. g3 Rc8 18. a5 c5 19. bxc5 bxc5 20. Bb5 cxd4 21. Qxd4 Nc5 22. Qb4 Kh7 23. Nd4 Ne4 24. Qxd6 Nxd6 25. Rxc8 Rxc8 26. Bd7 Rf8 27. a6 Bc8 28. Bc6 g5 29. Bxd5 f4 30. Nc6 fxe3 31. fxe3 Nb5 32. Bc4 Nc7 33. Nxa7 1-0

[Event "Bad Zwesten op 9th"]
[Site "Bad Zwesten"]
[Date "2005.01.08"]
[Round "9"]
[White "Poetsch, Gero"]
[Black "Fink, Tamino"]
[Result "0-1"]
[WhiteElo "2007"]
[BlackElo "1400"]
[PlyCount "70"]
[EventDate "2005.01.02"]
[EventType "swiss"]
[EventRounds "9"]
[EventCountry "GER"]
[SourceTitle "CBM 104 Extra"]
[Source "ChessBase"]
[SourceDate "2005.03.01"]
[SourceVersion "1"]
[SourceVersionDate "2005.03.01"]
[SourceQuality "1"]

1. d4 Nf6 2. c4 d6 3. Nc3 Nbd7 4. Nf3 g6 5. e4 e5 6. d5 Nc5 7. Bg5 a5 8. h3 h6 9. Bxf6 Qxf6 10. Qc2 Bg7 11. Bd3 Bd7 12. Nd2 0-0 13. Nb3 Na6 14. Qe2 a4 15. Nd2 Nc5 16. 0-0 Qe7 17. b4 axb3 18. axb3 Rxa1 19. Rxa1 f5 20. b4 Nxd3 21. Qxd3 Qf7 22. Ra7 Rb8 23. c5 fxe4 24. Ndxe4 dxc5 25. bxc5 Bf5 26. f3 Bf8 27. Qb5 Bxe4 28. fxe4 Qf4 29. d6 Qe3+ 30. Kh2 cxd6 31. cxd6 Qxa7 32. Qxe5 Qa3 33. Qe6+ Kh8 34. Nb5 Qc5 35. Qxg6 Qxb5 0-1

[Event "Bad Zwesten op 9th"]
[Site "Bad Zwesten"]
[Date "2005.01.04"]
[Round "4"]
[White "Pfeifer, Frank"]
[Black "Poetsch, Gero"]
[Result "1/2-1/2"]
[WhiteElo "1484"]
[BlackElo "2007"]
[PlyCount "38"]
[EventDate "2005.01.02"]
[EventType "swiss"]
[EventRounds "9"]
[EventCountry "GER"]
[SourceTitle "CBM 104 Extra"]
[Source "ChessBase"]
[SourceDate "2005.03.01"]
[SourceVersion "1"]
[SourceVersionDate "2005.03.01"]
[SourceQuality "1"]

1. e4 e6 2. d4 d5 3. Nc3 Nf6 4. Bg5 Bb4 5. e5 h6 6. Bxf6 gxf6 7. Nf3 c5 8. a3 Bxc3+ 9. bxc3 Nc6 10. Bb5 Bd7 11. Bxc6 Bxc6 12. Qd3 c4 13. Qe2 f5 14. g3 Qa5 15. Kd2 0-0-0 16. Rhb1 Rdg8 17. Ne1 Rg4 18. f4 Qd8 19. Nf3 Rhg8 1/2-1/2

[Event "Bad Zwesten op 8th"]
[Site "Bad Zwesten"]
[Date "2004.01.07"]
[Round "9"]
[White "Brahn, Helmut"]
[Black "Poetsch, Gero"]
[Result "0-1"]
[WhiteElo "1561"]
[BlackElo "1766"]
[PlyCount "70"]
[EventDate "2004.01.??"]
[EventType "swiss"]
[EventRounds "9"]
[EventCountry "GER"]
[SourceTitle "CBM 098 Extra"]
[Source "ChessBase"]
[SourceDate "2004.03.10"]
[SourceVersion "2"]
[SourceVersionDate "2004.03.10"]
[SourceQuality "1"]

1. c4 e6 2. a3 d5 3. cxd5 exd5 4. d4 c6 5. e3 Nf6 6. h3 Bf5 7. Nf3 h6 8. Nc3 Bd6 9. Bd3 Qd7 10. Bxf5 Qxf5 11. 0-0 Nbd7 12. Bd2 g5 13. Nh2 h5 14. Rc1 0-0-0 15. Qf3 Bxh2+ 16. Kxh2 Qxf3 17. gxf3 g4 18. fxg4 hxg4 19. Kg2 gxh3+ 20. Kh2 Rdg8 21. Rg1 Ng4+ 22. Rxg4 Rxg4 23. Rg1 Nf6 24. Be1 Kd7 25. Ne2 Rxg1 26. Nxg1 Ng4+ 27. Kh1 Ke6 28. Nf3 Kf5 29. Ne5 Nxe5 30. dxe5 Rh7 31. f4 Ke4 32. Bf2 Kf3 33. Bg1 h2 34. Bxh2 Kxe3 35. Kg2 Rxh2+ 0-1

[Event "Bad Zwesten op 7th"]
[Site "Bad Zwesten"]
[Date "2003.??.??"]
[Round "7"]
[White "Bennemann, Ingmar"]
[Black "Poetsch, Gero"]
[Result "1/2-1/2"]
[WhiteElo "1953"]
[BlackElo "1634"]
[PlyCount "97"]
[EventDate "2003.01.02"]
[EventType "swiss"]
[EventRounds "9"]
[EventCountry "GER"]
[SourceTitle "CBM 092 Extra"]
[Source "ChessBase"]
[SourceDate "2003.03.07"]
[SourceVersion "1"]
[SourceVersionDate "2003.03.07"]
[SourceQuality "1"]

1. d4 c5 2. d5 Nf6 3. Nc3 Qa5 4. Bd2 c4 5. e4 Qc7 6. Qe2 b5 7. Nxb5 Qb6 8. Qxc4 Bb7 9. Be3 Qa5+ 10. b4 Qa4 11. Nc7+ Kd8 12. Nxa8 Bxa8 13. Qb5 Qxb5 14. Bxb5 e6 15. Bxa7 Bxb4+ 16. Ke2 Nxe4 17. Bxb8 Nc3+ 18. Kd3 Bxd5 19. f3 Ke7 20. Be5 Rc8 21. Ba6 Rc6 22. a3 Ba5 23. Bd4 f6 24. Re1 Kd6 25. Ne2 Nxe2 26. Rxe2 Rxa6 27. c4 Bc6 28. Rc1 Bc7 29. Rc3 e5 30. Bf2 Ke6 31. Rb3 Bd6 32. c5 Bc7 33. Reb2 Bd5 34. Rc3 Bc6 35. Ke2 Bd5 36. Be1 Bc6 37. Re3 Bd5 38. Rb4 g5 39. a4 Ba5 40. Rd4 Bxe1 41. Kxe1 Bc6 42. Rb4 Rxa4 43. Rxa4 Bxa4 44. h4 h6 45. hxg5 hxg5 46. Rd3 Bc6 47. Kf2 Bd5 48. Ra3 f5 49. g3 1/2-1/2

[Event "Bad Zwesten op 7th"]
[Site "Bad Zwesten"]
[Date "2003.??.??"]
[Round "4"]
[White "Poetsch, Gero"]
[Black "Rafiee, Makan"]
[Result "1-0"]
[WhiteElo "1634"]
[BlackElo "1555"]
[PlyCount "95"]
[EventDate "2003.01.02"]
[EventType "swiss"]
[EventRounds "9"]
[EventCountry "GER"]
[SourceTitle "CBM 092 Extra"]
[Source "ChessBase"]
[SourceDate "2003.03.07"]
[SourceVersion "1"]
[SourceVersionDate "2003.03.07"]
[SourceQuality "1"]

1. e3 c5 2. c4 Nf6 3. d4 g6 4. g3 d6 5. Bg2 Nc6 6. Nc3 Bg7 7. dxc5 dxc5 8. Qxd8+ Nxd8 9. Nge2 Bd7 10. 0-0 0-0 11. e4 Nc6 12. Be3 b6 13. a3 Rad8 14. Rad1 Bc8 15. f4 e5 16. b3 Nd4 17. Bxd4 exd4 18. Nd5 Nxd5 19. cxd5 Ba6 20. Rfe1 d3 21. Nc1 d2 22. Rxd2 Bc3 23. Red1 Bxd2 24. Rxd2 f6 25. Kf2 Rd6 26. Ne2 b5 27. Rc2 Rc8 28. e5 Rdd8 29. d6 Kf7 30. Bd5+ Ke8 31. Nc3 f5 32. Be6 Rc6 33. Nd5 Kf8 34. Nc7 Bc8 35. Bxc8 Rxc8 36. Nxb5 a6 37. Nc7 R6xc7 38. dxc7 Rxc7 39. Rd2 a5 40. Ke1 Ke7 41. Rd5 Rc6 42. Kd2 Ke6 43. Rd8 c4 44. Ra8 c3+ 45. Kc2 Rc5 46. Rd8 g5 47. Rd6+ Ke7 48. Rh6 1-0

[Event "Baunatal op 8th"]
[Site "Baunatal"]
[Date "2002.08.11"]
[Round "6"]
[White "Poetsch, Gero"]
[Black "Haase, Wolfgang"]
[Result "0-1"]
[WhiteElo "1705"]
[BlackElo "2051"]
[PlyCount "74"]
[EventDate "2002.08.09"]
[EventType "swiss"]
[EventRounds "7"]
[EventCountry "GER"]
[SourceTitle "EXT 2003"]
[Source "ChessBase"]
[SourceDate "2002.11.25"]
[SourceVersion "1"]
[SourceVersionDate "2002.11.25"]
[SourceQuality "1"]

1. e4 c5 2. c3 d5 3. e5 Bf5 4. Qa4+ Bd7 5. Qf4 e6 6. Nf3 Nc6 7. d4 f6 8. Bd3 cxd4 9. cxd4 Nb4 10. Qe3 a6 11. Nc3 Nxd3+ 12. Qxd3 b5 13. a3 Qa5 14. Bd2 Qb6 15. b4 Ne7 16. 0-0 f5 17. Ne2 Ng6 18. Rfc1 Be7 19. Bg5 Bf8 20. h4 Ne7 21. h5 Nc6 22. Nf4 a5 23. Bh4 axb4 24. axb4 Rb8 25. Rxc6 Qxc6 26. g4 fxg4 27. Ng6 Qc4 28. Qxc4 bxc4 29. Nxh8 gxf3 30. Ra3 Be7 31. Bg3 Kf8 32. Rxf3+ Kg8 33. Rf7 Re8 34. Bh4 Bxh4 35. Rxd7 Kxh8 36. b5 Rb8 37. Ra7 h6 0-1